Trans* time : projecting transness in European (TV) series /
Uloženo v:
| Další autoři: | |
|---|---|
| Médium: | Kniha |
| Jazyk: | angličtina |
| Vydáno: |
Frankfurt ; New York :
Campus Verlag,
2021
|
| Edice: | Interaktiva ;
17 |
| Tagy: |
Žádné tagy, Buďte první, kdo vytvoří štítek k tomuto záznamu!
|
MARC
| LEADER | 00000nam a22000007i 4500 | ||
|---|---|---|---|
| 001 | IT\ICCU\UBO\4878486 | ||
| 003 | ItRI | ||
| 005 | 20260115232020.0 | ||
| 008 | 250515s2021 xxu|||||| ||||| |||||c | ||
| 020 | |a 9783593513614 | ||
| 040 | |b ita |c importazione bologna sebina | ||
| 041 | 7 | |a eng |2 ISO-639-2 | |
| 130 | 0 | |a Trans* time |3 IT\ICCU\UBO\4878488 | |
| 245 | 0 | 0 | |a Trans* time : |b projecting transness in European (TV) series / |c [edited by] Danae Gallo González. |
| 260 | |a Frankfurt ; |a New York : |b Campus Verlag, |c 2021 | ||
| 300 | |a 210 p. : |b ill. ; |c 22 cm | ||
| 700 | 1 | |a Gallo González, Danae |0 IT\ICCU\UBOV\157189 | |
| 830 | 0 | |a Interaktiva ; |v 17 |0 IT\ICCU\UTO\1174746 | |
| 942 | |2 ddc |c BK |n 0 | ||
| 952 | |0 0 |1 0 |4 0 |6 T_791_450000000000000_GON |7 0 |9 18925 |a BO |b BO |d 2026-01-15 |i 20754 |l 0 |o T 791.45 GON |p BO20754 |r 2026-01-15 23:20:20 |w 2026-01-15 |x [Sebina 5] [1 v.] |y BK |z 1 v. | ||
| 999 | |c 16081 |d 16081 | ||